| 000 | 00863nam a22003017a 4500 | ||
|---|---|---|---|
| 003 | CHAP | ||
| 005 | 20220329140210.0 | ||
| 008 | 971013s1916 r 00010 d | ||
| 010 | _a48446 | ||
| 011 | _a49418 | ||
| 035 | _a53566 | ||
| 040 | _cCHAP | ||
| 082 |
_a553 _bR54 1916 |
||
| 100 | 0 | 0 |
_aRies, Heinrich. _997400 |
| 245 | _aEconomic geology | ||
| 250 | _a4 ed. | ||
| 260 |
_aNew York : _bWiley, _c1916 |
||
| 300 |
_a856 p. _b: ilus. |
||
| 590 |
_aBATCH-UPD _b10 _c20130110 _lUCH01 _h2232 |
||
| 590 |
_aBATCH-UPD _b10 _c20130410 _lUCH01 _h1527 |
||
| 590 |
_aBATCH-UPD _b10 _c20130914 _lUCH01 _h1711 |
||
| 590 |
_aCONVERSION _b10 _c20130109 _lUCH01 _h1326 |
||
| 650 | 1 | 4 |
_aGeología económica. _947648 |
| 650 | 1 | 4 |
_aMinas y recursos minerales _xE.U.A. _975911 |
| 901 | _aBK | ||
| 942 | _cLIBRO | ||
| 949 |
_a553 R54 1916 _bBC _cBPP _d-118689 _eBPP _h7896 _i53566 _si |
||
| 999 |
_c48446 _d48446 |
||